Estatísticas para Maiores cidades brasileiras com nomes de santos

Clique aqui para jogar o quiz

Estatísticas Gerais

  • Esse quiz foi jogado 45 vezes
  • A pontuação média é 19 de 50

Estatísticas das Respostas

PopulaçãoEstadoCidade% Correto
111.451.999SPSão Paulo
98%
21.037.775MASão Luís
90%
15270.299SCSão José
85%
5748.919SPSanto André
80%
4810.729SPSão Bernardo do Campo
76%
22165.655SPSão Caetano do Sul
73%
3896.774RJSão Gonçalo
73%
14271.735RSSanta Maria
71%
10418.608SPSantos
68%
32103.055BASanto Antônio de Jesus
63%
4672.127GOSanto Antônio do Descoberto
63%
6697.054SPSão José dos Campos
61%
16254.857SPSão Carlos
59%
12329.911SPSão Vicente
54%
8480.393SPSão José do Rio Preto
51%
24149.910PBSanta Rita
46%
26133.230RSSanta Cruz do Sul
44%
30107.618APSantana
41%
9440.962RJSão João de Meriti
41%
4081.595SPSão Sebastião
41%
13329.628PRSão José dos Pinhais
39%
3983.277SCSão Bento do Sul
37%
5058.487RSSão Gabriel
37%
19217.409RSSão Leopoldo
37%
27123.752ESSão Mateus
37%
18219.132MGSanta Luzia
34%
20203.440PECabo de Santo Agostinho
32%
25134.084PEVitória de Santo Antão
32%
21183.347SPSanta Bárbara d'Oeste
29%
3495.612SESão Cristóvão
29%
7616.272BAFeira de Santana
27%
29111.249PESão Lourenço da Mata
27%
4179.484SPSão Roque
27%
11331.942PASantarém
22%
4276.963RSSanta Rosa
20%
4376.917RSSanto Ângelo
20%
4959.676RSSão Borja
20%
3592.547SPSão João da Boa Vista
20%
3690.225MGSão João del-Rei
20%
31104.029RJSão Pedro da Aldeia
20%
3785.014MASanta Inês
17%
3884.421RSSantana do Livramento
15%
23154.105SPSantana de Parnaíba
12%
28115.838RNSão Gonçalo do Amarante
12%
3398.254PESanta Cruz do Capibaribe
10%
4573.019PASanta Izabel do Pará
10%
17244.579MASão José de Ribamar
10%
4865.418PASão Félix do Xingu
7%
4771.796MGSão Sebastião do Paraíso
7%
4475.145MGLagoa Santa
2%

Distribuição das Pontuações

Percentil de Números Respondidos

Porcentagem de Pessoas com Cada Pontuação

Sua Pontuação Histórica

Você não jogou esse quiz